| 000 | 00518cam a2200193ua 4500 | ||
|---|---|---|---|
| 001 | 9341 | ||
| 008 | 150730n ii |||gr||||Z||||||asm | ||
| 040 | _cMAIN | ||
| 041 | _aasm | ||
| 082 | _a305.8 | ||
| 245 |
_aAsamar janajati _cby Pramod Chandra Bhattacharya |
||
| 250 | _a3rd ed. | ||
| 260 |
_a[s.l]: _bAsam Sahitya Sabha, _c2008. _aJorhat: _bKiran prakashan, _aDhemaji: |
||
| 300 | _a266p. | ||
| 653 | _aSocial groups | ||
| 653 | _aTribes of Assam | ||
| 700 |
_aBhattacharya, Pramod Chandra, _eAuthor. |
||
| 942 | _cBK | ||
| 999 |
_c8401 _d8401 |
||